000 01678nam0a22003251 4500
001 rc\2292936
005 20110829135413.3
035 _a(NLR Aleph) 006665408
090 _a4937566
_c4937566
100 _a20110829d1977 |||y0rusy50 ca
101 0 _arus
102 _aRU
105 _aa z |||||
200 1 _aАнализ применения титана в сопоставлении с нержавеющими сталями для изготовления оборудования в химической промышленности
_f[Подгот. Ю.С. Рускол, М.Н. Фокиным, Т.А. Бурой и др.]
_gВНИИ по защите металлов от коррозии
_gНИИ техн.-экон. исслед. "НИИТЭхим"
210 _aМосква
_cНИИТЭХим
_d1977
215 _a39 с.
_cил.
_d20
225 1 _aОбзорная информация
_iСерия "Антикоррозийная защита в химической пром-сти"
320 _aСписок лит.: с. 34-37 (65 назв.)
606 _aХимическая аппаратура титановая
_jОбзоры литературы информационные
_2psbo
702 1 _aФокин
_bМ. Н.
_4570
702 1 _aБурой
_bТ. А.
_4570
702 1 _aРускол
_bЮ. С.
_gЮрий Семенович
_4570
712 0 2 _aНИИ техн.-экон. исследований М-ва хим. пром-сти СССР
_3RU\NLR\AUTH\8813349
801 0 _aRU
_bNLR
_gpsbo
801 1 _aRU
_bELAR
_2rusmarc
852 _aNLR
_j78-4/3609
899 _aRuMoRGB
_jБ 78-53/15
899 _aRuMoRGB
_jБ 78-53/16
942 _cBOOK
980 _aNB